Apa és fiú
Elmentve itt :
| Szerző: | |
|---|---|
| Adatforrás: | Meister |
| Forrásdokumentuma: | Korunk. - 2 sz., 1993, 97-100 p. |
| Nyelv: | magyar |
| Kulcsszavak: | kisebbségtörténet művelődéstörténet Diploma Leopoldinum memoár-irodalom Erdély BETHLEN Miklós BETHLEN János TELEKI Mihály CSEREI Mihály |
| LEADER | 00572nab a2200217 i 4500 | ||
|---|---|---|---|
| 001 | bibPRO00002375 | ||
| 008 | 060524s1993 xx hun | ||
| 040 | |a Sz1 | ||
| 041 | |a hun | ||
| 100 | 1 | |a JANKOVICS József | |
| 245 | 1 | 0 | |a Apa és fiú |c JANKOVICS József |
| 695 | |a kisebbségtörténet | ||
| 695 | |a művelődéstörténet | ||
| 695 | |a Diploma Leopoldinum | ||
| 695 | |a memoár-irodalom | ||
| 695 | |a Erdély | ||
| 695 | |a BETHLEN Miklós | ||
| 695 | |a BETHLEN János | ||
| 695 | |a TELEKI Mihály | ||
| 695 | |a CSEREI Mihály | ||
| 773 | 0 | |t Korunk. - |g 2 sz., 1993, 97-100 p. | |